000 01331cam a22001934a 4500
005 20250605164043.0
008 250528s ||||||||||||||||||||||||d
035 _a17056
020 _a521389798
040 _aGR-AtMCL
_bgre
_dGR-AtMCL
_eAACR2
245 1 _aCommunity Design and the Culture of Cities / The Crossroad and the Wall
260 _bCambridge University Press,
_c1993
300 _a352
520 _aThe audience for this book goes beyond designers and planners to include urban sociologists, anthropologists, historians, and political scientists. Acknowledgements, Prologue, Which Deals with Urban Problems Today and Community Design as a Profession and the Nature of Urban Form, Which Deals with the Systematic Nature of Urban Form and the Effects of Time Processes on Cities and the Built Environment and the Relationship between Size and Form, Which Deals with the Planning Components of Urban Form: Land Use and the Threat of Segregation and Homogeneity and Density and Its Importance for Urbanity and Distribution as a Means of Restoring an Urban Culture, Which Deals with the Lessons Learned from Traditional Settlements and their Applications to Community Design, Epilogue: An Agenda for Action, Notes, Index.
700 1 _aLozano Eduardo E
_93186
942 _cBK
999 _c2496
_d2496